000 00673nas a2200265 4500
001 BR9204470
003 BR-BrBNA
005 20231205092733.0
007 ta
008 230509b bl.|||p| |||| 00| 00por d
040 _aBR-BrBNA
_bpor
_cBiblioteca Nacional de Agricultura
041 _a(Pt)
072 _aF04
100 1 _aAnon.
245 1 _aAposte na turfa, a terra agradece
650 _aMATERIA ORGANICA
650 _aHUMUS
650 _aTURFA
650 _aFERMENTACAO
650 _aADUBO
650 _aPRATICO
773 0 _tGuia Rural (Brazil)
_x
_g(Jun 1991), p. 106-107
_wBR9204470
909 _a202311
_bLúcia
_c55
_dLúcia Elande
942 _2AGRIS
_n0
_cANA
999 _c133798
_d133798